| 000 | 00978aab a2200241 i 4500 | ||
|---|---|---|---|
| 001 | 768714001 | ||
| 003 | CO-MdFUSB | ||
| 005 | 20240805105619.0 | ||
| 008 | 240805t1996 -us||||| |||| 00| 0 eng d | ||
| 040 |
_bspa _cCO-MdFUSB |
||
| 041 | _aeng | ||
| 100 | 1 |
_aSchineller, Peter _eautor |
|
| 245 | 1 | 0 |
_aInculturation : _ba difficult and delicate task _c/ Peter Schineller |
| 520 | _aEn este artículo se puede encontrar un análisis de la literatura sobre la inculturación, donde los autores exploran por qué sigue siendo "difícil" y "delicada" en la Iglesia Católica Romana. | ||
| 546 | _aTexto en inglés. | ||
| 650 | 0 |
_aEvangelización _9362 |
|
| 650 | 0 |
_aMisiones _9154 |
|
| 650 | 7 |
_aAntropología cultural y social _96714 |
|
| 650 | 0 |
_aCristianismo en la literatura _91198 |
|
| 773 | 0 |
_tInternational Bulletin _049483 _961010 _gVolumen 20, (número 3, 1996), páginas: 109 - 112 _qpágina: 109 |
|
| 942 | _cANA | ||
| 945 | _aCatherine Arias Álvarez - Practicante SENA | ||
| 999 |
_c57395 _d57395 |
||